00766nam a2200205Ia 4500003000900000008004100009040001600050080002300066110003300089245016200122260005000284300000900334650001900343650003200362650002000394650002500414942000700439999001500446952009900461IN-BaIIA211028s9999 xx 000 0 eng d cIIA Library a083.7:693.152bISI aIndian Standards Institution 0aIndian Standard Code of Practice for Construction of Stone Masonrybpt. 1, rubble stone masonrycIndian Standards Institution  aNew DelhibIndian Standards Institutionc1968 a22p. aNASA Thesaurus aRubble Stone Masonry914806 aStandards98876 aStone Masonry914807 cBK c8802d8802 00104070aBANbBANcGENd1986-09-11l0o083.7:693.152/ ISIp9680r2021-11-05w1986-09-11yBK